000 00435nam a22001697a 4500
005 20251108172028.0
008 250721s1989 xx 000 0 ara d
082 1 4 _a370.13/اسس
100 1 _aهندي، صالح ذياب
245 1 0 _aأسس التربية /
264 1 _aعمان :
_bدار الفكر،
_c1989.
300 _a227ص
650 1 7 _aالتربية
650 1 7 _aفلسفة
942 _2ddc
_cBK
999 _c68654
_d68654